| 000 | 00539nam a2200181Ia 4500 | ||
|---|---|---|---|
| 008 | 100917s9999 xx 000 0 und d | ||
| 082 | _b36914 | ||
| 100 | _aदेशमुख नी. वा. | ||
| 245 | _aबहुरूपी सॉर्ज | ||
| 260 |
_bमकरंद साहित्य _c--- |
||
| 300 | _a140 | ||
| 365 | _b3 | ||
| 520 | _aकादंबरी | ||
| 630 | _aबहुरूपी सॉर्ज | ||
| 650 | _aकादंबरी | ||
| 730 | _aबहुरूपी सॉर्ज | ||
| 942 | _cBOOK | ||
| 999 |
_c642308 _d642305 |
||